000 00283nam a22001337a 4500
008 190205b xxu||||| |||| 00| 0 eng d
020 _a0153539216
041 _aeng
080 _23rd
_a510
100 _a36
101 _aMAT
245 _aAlgebra One
_cPayne,J.N
942 _2udc
_cBK
999 _c54015
_d54015